000 00498nam a2200193Ia 4500
005 20240823052356.0
008 240823s9999||||xx |||||||||||||| ||und||
020 _a978-0-521-13987-8
041 _aENGLISH
082 _A515 Q3
100 _aRiley K F et al.
245 0 _aMathematical Methods for Physics and Engineering
250 _a3rd
260 _c2013
_bCambridege University Press
500 _aYES
650 _aMathematical Methods
_bMathematics
942 _cBK
999 _c221714
_d221714